<?xml version="1.0" encoding="UTF-8"?>
<record
    xmlns:xsi="http://www.w3.org/2001/XMLSchema-instance"
    xsi:schemaLocation="http://www.loc.gov/MARC21/slim http://www.loc.gov/standards/marcxml/schema/MARC21slim.xsd"
    xmlns="http://www.loc.gov/MARC21/slim">

  <leader>00624nas a22001937a 4500</leader>
  <controlfield tag="003">NALT</controlfield>
  <controlfield tag="005">20210803153625.0</controlfield>
  <controlfield tag="008">180212b        xxu||||| |||| 00| 0 tha d</controlfield>
  <datafield tag="022" ind1=" " ind2=" ">
    <subfield code="a">16851668</subfield>
  </datafield>
  <datafield tag="040" ind1=" " ind2=" ">
    <subfield code="a">NALT</subfield>
  </datafield>
  <datafield tag="041" ind1="0" ind2=" ">
    <subfield code="a">tha</subfield>
  </datafield>
  <datafield tag="245" ind1="1" ind2="0">
    <subfield code="a">Jet-Boat &amp; Travel Magazine</subfield>
  </datafield>
  <datafield tag="260" ind1="3" ind2=" ">
    <subfield code="a">&#xE01;&#xE23;&#xE38;&#xE07;&#xE40;&#xE17;&#xE1E;&#xE2F; : </subfield>
    <subfield code="b">&#xE40;&#xE08;&#xE47;&#xE15;&#xE42;&#xE1A;&#xE4A;&#xE15; &#xE1E;&#xE31;&#xE1A;&#xE25;&#xE34;&#xE0A;&#xE0A;&#xE34;&#xE48;&#xE07;</subfield>
  </datafield>
  <datafield tag="310" ind1=" " ind2=" ">
    <subfield code="a">&#xE23;&#xE32;&#xE22;&#xE2A;&#xE2D;&#xE07;&#xE40;&#xE14;&#xE37;&#xE2D;&#xE19;</subfield>
  </datafield>
  <datafield tag="500" ind1=" " ind2=" ">
    <subfield code="a">&#xE22;&#xE38;&#xE15;&#xE34;&#xE01;&#xE32;&#xE23;&#xE1A;&#xE2D;&#xE01;&#xE23;&#xE31;&#xE1A;&#xE2B;&#xE25;&#xE31;&#xE07; &#xE09;&#xE1A;&#xE31;&#xE1A;&#xE17;&#xE35;&#xE48; 1 (&#xE1E;.&#xE22;. 2561-&#xE21;.&#xE04;. 2562)</subfield>
  </datafield>
  <datafield tag="850" ind1=" " ind2=" ">
    <subfield code="a">NALT</subfield>
  </datafield>
  <datafield tag="942" ind1=" " ind2=" ">
    <subfield code="c">JNR</subfield>
    <subfield code="s">1</subfield>
  </datafield>
  <datafield tag="998" ind1=" " ind2=" ">
    <subfield code="b">34</subfield>
    <subfield code="d">2017-02-02 14:35:37.910</subfield>
    <subfield code="j">755</subfield>
    <subfield code="k"> &#xE08;&#xE34;&#xE19;&#xE15;&#xE19;&#xE32; &#xE40;&#xE2D;&#xE35;&#xE48;&#xE22;&#xE21;&#xE04;&#xE07;</subfield>
  </datafield>
  <datafield tag="999" ind1=" " ind2=" ">
    <subfield code="c">91932</subfield>
    <subfield code="d">91932</subfield>
  </datafield>
</record>
